01535pam a2200301 a 4500001000500000005001700005020003900022040002500061050002600086082001700112100001800129245002900147250001200176260003000188300002800218505000600246520063100252521001800883521001800901650002400919655002800943655003000971655002501001906004501026942001501071999001501086952013201101169320231211145932.0 a0380977281 :c$22.00 ($29.00 Can.) aDLCcDLCdOCoLCdDLC00aPR6057.A319bS73 199900a823/.9142211 aGaiman, Neil.10aStardust /cNeil Gaiman. a1st ed. aNew York :bSpike,c1999. a248, 23 pages :c19 cm. aV aIn the sleepy English countryside of decades past, there is a town that has stood on a jut of granite for six hundred years. And immediately to the east stands a high stone wall, for which the village is named. Here in the town of Wall, Tristran Thorn has lost his heart to the hauntingly beautiful Victoria Forester. One crisp October night, as they watch, a star falls from the sky, and Victoria promises to marry Tristran if he'll retrieve that star and bring it back for her. It is this promise that sends Tristran through the only gap in the wall, across the meadow, and into the most unforgettable adventure of his life. a970 bLexile aV bRaz-Plus 0aYoung menxFiction. 7aFantasy fiction.2gsafd 7aAdventure stories.2gsafd 7aLove stories.2gsafd a7bcbccorignewd1eocipf19gy-gencatlg 2ddccBKn0 c1693d1693 00102ddc40708FICa001b001cTKSFd2023-09-15l0oGAI 823.914 PS3557.A3519pFISTKG4B057r2023-09-15 13:02:52w2023-09-15yBK